MARC details
| 000 -LEADER |
| campo de control de longitud fija |
02130cam a2200433 i 4500 |
| 001 - NÚMERO DE CONTROL |
| campo de control |
193324 |
| 003 - IDENTIFICADOR DE NÚMERO DE CONTROL |
| campo de control |
SpMaBN |
| 005 - FECHA Y HORA DE LA ÚLTIMA TRANSACCIÓN |
| campo de control |
20250825062730.0 |
| 007 - CAMPO FIJO DE DESCRIPCIÓN FÍSICA--INFORMACIÓN GENERAL |
| campo de control de longitud fija |
ta |
| 008 - DATOS DE LONGITUD FIJA--INFORMACIÓN GENERAL |
| campo de control de longitud fija |
110802s2023 sp | |||| 000 0 spa |
| 017 ## - NÚMERO DE COPYRIGHT O DE DEPÓSITO LEGAL |
| Número de copyright o de depósito legal |
B 40755-2011 |
| Agencia que asigna |
Oficina Depósito Legal Barcelona |
| 020 ## - NÚMERO INTERNACIONAL ESTÁNDAR DEL LIBRO |
| Número Internacional Estándar del Libro |
9788492649839 |
| 035 ## - NÚMERO DE CONTROL DEL SISTEMA |
| Número de control de sistema |
(OCoLC)776614035 |
| 040 ## - FUENTE DE CATALOGACIÓN |
| Centro catalogador/agencia de origen |
SpMaBN |
| Lengua de catalogación |
spa |
| Centro/agencia transcriptor |
SpMaBN |
| Normas de descripción |
rdc |
| 080 ## - NÚMERO DE LA CLASIFICACIÓN DECIMAL UNIVERSAL |
| Número de la Clasificación Decimal Universal |
929 Fouché, Joseph, duc d'Otrante |
| 100 1# - ENTRADA PRINCIPAL--NOMBRE DE PERSONA |
| Nombre de persona |
Zweig, Stefan, |
| Fechas asociadas al nombre |
1881-1942 |
| Número de control del registro de autoridad o número normalizado |
XX1721513 |
| 9 (RLIN) |
118562 |
| Término indicativo de función/relación |
Autor |
| 245 10 - MENCIÓN DEL TÍTULO |
| Título |
Fouché : |
| Resto del título |
retrato de un hombre político / |
| Mención de responsabilidad, etc. |
Stefan Zweig ; traducción del alemán de Carlos Fortea |
| 250 ## - MENCION DE EDICION |
| Mención de edición |
Decimocuarta reimpresión abril de 2023 |
| 260 ## - PUBLICACIÓN, DISTRIBUCIÓN, ETC. |
| Lugar de publicación, distribución, etc. |
Barcelona : |
| Nombre del editor, distribuidor, etc. |
Acantilado, |
| Fecha de publicación, distribución, etc. |
2023 |
| 300 ## - DESCRIPCIÓN FÍSICA |
| Extensión |
279 páginas ; |
| Dimensiones |
21 cm |
| 336 ## - TIPO DE CONTENIDO |
| Fuente |
rdacontent |
| Término de tipo de contenido |
Texto |
| 337 ## - TIPO DE MEDIO |
| Fuente |
rdamedia |
| Nombre/término del tipo de medio |
sin mediación |
| 338 ## - TIPO DE SOPORTE |
| Fuente |
rdacarrier |
| Nombre/término del tipo de soporte |
volumen |
| 490 1# - MENCIÓN DE SERIE |
| Mención de serie |
El Acantilado ; |
| Designación de volumen o secuencia |
217 |
| 500 ## - NOTA GENERAL |
| Nota general |
Índice |
| 520 ## - RESUMEN, ETC. |
| Sumario, etc. |
La ambición y la intriga son las únicas pasiones de este hombre político, carente de escrúpulos y moral, que navega a través de las convulsiones sociales y políticas de la Francia revolucionaria y del imperio sin mudar el gesto. Como muy bien dice Zweig: «Los gobiernos, las formas de Estado, las opiniones, los hombres cambian, todo se precipita y desaparece en ese furioso torbellino del cambio de siglo, sólo uno se queda siempre en el mismo sitio, al servicio de todos y de todas las ideas: Joseph Fouché». |
| 600 14 - PUNTO DE ACCESO ADICIONAL DE MATERIA--NOMBRE DE PERSONA |
| Nombre de persona |
Fouché, Joseph, |
| Fechas asociadas al nombre |
1759-1820 |
| 9 (RLIN) |
51924 |
| 655 #0 - TERMINO DE INDIZACIÓN--GENERO/FORMA |
| Datos o término principal de género/forma |
Biografías |
| 9 (RLIN) |
176647 |
| 700 1# - ENTRADA AGREGADA--NOMBRE PERSONAL |
| Nombre de persona |
Fortea, Carlos, |
| Fechas asociadas al nombre |
1963- |
| Término indicativo de función/relación |
Traductor |
| 9 (RLIN) |
51844 |
| 830 ## - PUNTO DE ACCESO ADICIONAL DE SERIE-TÍTULO UNIFORME |
| 9 (RLIN) |
179782 |
| Título uniforme |
El Acantilado |
| 852 ## - LOCALIZACIÓN |
| Ubicación |
ES-MaACL |
| Sublocalización o colección |
R. 154702 |
| Ubicación en estantería |
Depósito J |
| Número de control de estantería |
N-9476 |
| itemnumber |
200770 |
| Donativo/Legado |
Donación: Carlos Fortea |
| Encuadernación |
Encuadernación rústica con solapas |
| 903 ## - NOMBRE PERSONAL DE DONANTE |
| a |
Fortea, Carlos, |
| d |
1963- |
| e |
Donante |
| 9 |
51844 |
| 942 ## - ELEMENTOS DE ENTRADA SECUNDARIOS (KOHA) |
| Suprimir en OPAC |
No |
| Tipo de ítem Koha |
Libro impreso |